| 000 | 03378nam2a2200361 4500 | ||
|---|---|---|---|
| 001 | RU\NLR\BIBL_A\022031375 | ||
| 005 | 20231027160038.0 | ||
| 010 | _a978-5-907596-77-1 | ||
| 021 |
_aRU _bКН-П-23-052499 _9КН-П-23-5268 |
||
| 035 | _a(NLR Aleph) 022031375 | ||
| 090 |
_a12541153 _c12541153 |
||
| 100 | _a20230920d2023 k y0rusy50 ca | ||
| 101 | 0 | _arus | |
| 102 | _aRU | ||
| 105 | _aac z 100zy | ||
| 200 | 1 |
_aРоль Учителя в развитии человечества _eматериалы VIII Всероссийской научно-практической конференции для молодежи "Мы творим будущее" (28.02.2023 г.) по теме "Роль Учителя в развитии человечества" _fИркутское региональное отделение Международной лиги защиты культуры [и др.] _gредакционная коллегия: кандидат физико-математических наук Л. М. Бакунин [и др.] |
|
| 210 |
_aИркутск _cРепроцентр+ _d2023 |
||
| 215 |
_a290 с., [8] л. цв. ил., портр. _cил., портр., факс. |
||
| 300 | _aОписано по макету. На тит. с. и обл. только частное загл. вып. | ||
| 300 | _aОбщ. загл. вып.: Молодежные конференции "Мы творим будущее" | ||
| 300 | _aЗагл. корешка: Материалы конференций для молодежи "Мы творим будущее" | ||
| 300 | _aНа обл. подзаг.: Сборник материалов VIII Межрегиональной научно-практической конференции для молодежи | ||
| 461 | 0 |
_1001RU\NLR\BIBL_A\011688543 _12001#$aМы творим будущее$eмолодежные конференции$f[Педагогический институт Иркутского государственного университета и другие$gредакционная коллегия: доктор педагогических наук, профессор О.А. Лапина и другие]$vВып. 7 _911325314 _cИркутск _d2017 _f[Педагогический институт Иркутского государственного университета и другие _nРепроцентр А1 _oмолодежные конференции _tМы творим будущее _vВып. 7 |
|
| 516 | 1 | _aМатериалы конференций для молодежи "Мы творим будущее" | |
| 517 | 1 | _aМолодежные конференции "Мы творим будущее" | |
| 606 | 1 |
_aПрофессия учителя _jСъезды, совещания и т.п _xТворческие работы школьников _92611864 _3RU\NLR\AUTH\661548422 |
|
| 686 | 1 | _aЧ421.385.35я431 | |
| 711 | 1 | 2 |
_a"Мы творим будущее", всероссийская научно-практическая конференция для молодежи _d8 _eИркутск _f2023 _9861371 _3RU\NLR\AUTH\880598161 |
| 942 | _cBOOK | ||
| 980 | _aNB | ||